| 000 | 00472nam a22001817a 4500 | ||
|---|---|---|---|
| 003 | MPLRDC | ||
| 005 | 20220104114155.0 | ||
| 008 | 210129b ||||| |||| 00| 0 eng d | ||
| 082 | _a830.21 YH | ||
| 100 | _a杨宏选译 | ||
| 245 |
_a先秦诸子散文选译. 一 _c |
||
| 250 | _a一版一刷 | ||
| 260 |
_a _b上海古籍出版社 _c1979 |
||
| 300 | _b平 | ||
| 490 | _a中国古典文学作品选读 | ||
| 650 | _a中国古代文学总集 | ||
| 942 |
_cBK _o830.21 YH |
||
| 999 |
_c5400 _d5390 |
||